Livestock sector development for poverty reduction : (Record no. 15669)

000 -LEADER
fixed length control field 01308cam a2200229 a 4500
020 ## - INTERNATIONAL STANDARD BOOK NUMBER
ISBN 9789251072424
020 ## - INTERNATIONAL STANDARD BOOK NUMBER
ISBN 9251072426
040 ## - CATALOGING SOURCE
Transcribing agency AU@
082 ## - DEWEY DECIMAL CLASSIFICATION NUMBER
Classification number 636 FOO 2012 A056 Or.
245 00 - TITLE STATEMENT
Title Livestock sector development for poverty reduction :
Remainder of title an economic and policy perspective : livestock's many virtues /
246 1# - VARYING FORM OF TITLE
Title proper/short title Pro-poor livestock policy initiative :
Remainder of title a living from livestock
246 33 - VARYING FORM OF TITLE
Title proper/short title Living from livestock
260 ## - PUBLICATION, DISTRIBUTION, ETC. (IMPRINT)
Place of publication Rome :
Name of publisher Food and Agricultural Organization of the United Nations,
Year of publication 2012.
300 ## - PHYSICAL DESCRIPTION
Number of Pages xix, 161 p. :
Other physical details col. ill., col. maps ;
Dimensions 26 cm.
520 ## - SUMMARY, ETC.
Summary, etc "Livestock sector development for poverty reduction: an economic and policy perspective reviews major aspects of the livestock-poverty interface with the objective of identifying the conditions under which livestock can be an effective tool for poverty reduction; the interventions that allow livestock's poverty reduction potential to be unlocked, and the contexts in which they do so; and ways of facilitating sustainable implementation of these interventions."--Back cover.
650 #0 - SUBJECT ADDED ENTRY--TOPICAL TERM
Topical Term Livestock
650 #0 - SUBJECT ADDED ENTRY--TOPICAL TERM
Topical Term Rural poor
700 1# - ADDED ENTRY--PERSONAL NAME
Personal name Otte, Joachim,
710 2# - ADDED ENTRY--CORPORATE NAME
Corporate name or jurisdiction name as entry element Food and Agriculture Organization of the United Nations.
856 41 - ELECTRONIC LOCATION AND ACCESS
Uniform Resource Identifier http://www.fao.org/docrep/015/i2744e/i2744e00.pdf
942 ## - ADDED ENTRY ELEMENTS (KOHA)
Koha item type សៀវភៅភាសាអង់គ្លេស
952 ## - LOCATION AND ITEM INFORMATION (KOHA)
Withdrawn status [LOCAL, KOHA] 0
Holdings
Permanent Location Date acquired Koha item type Lost status Shelving location Barcode Current Location Full call number
Library Block A2017-12-05សៀវភៅភាសាអង់គ្លេស A056RUA055694Library Block A636 FOO 2012 A056 Or.
មជ្ឈមណ្ឌលឯការនៃសាកលវិទ្យាល័យភូមិន្ទកសិកម្មចំការដូង

Powered by Koha